| 000 | 01801nam a2200421 a 4500 | ||
|---|---|---|---|
| 999 |
_c175348 _d175348 |
||
| 003 | BLK | ||
| 005 | 20250119004112.0 | ||
| 008 | 180411b bul|||||r ||||||| ||bul|| | ||
| 010 | _aKNG00183893000 | ||
| 040 | _aBLK | ||
| 041 |
_aBUL _cBUL |
||
| 080 |
_aОсвобождение на България. Руско-турска война (1877-1878) _b94(497.2)"1877/1878" _x(036) _z94(497.2)"1877/1878"(036) |
||
| 100 | 1 |
_aЦанов, Емил Г. _eпърви автор _9383227 |
|
| 139 |
_aЦанов, Емил Г. _bЦ 18 |
||
| 245 | 1 | 0 |
_aШипченската епопея _bПътеводител на Нац. парк-музей Шипка _cЕмил Г. Цанов; съавт. Васил Вълков. |
| 250 | _a3. изд. | ||
| 257 | _aBGR | ||
| 260 |
_aСофия _bНаука и изкуство _c1966 |
||
| 300 |
_a92 с. _bс ил., 6 л. ил. _c17 см |
||
| 380 | _a9 | ||
| 500 | _a1. изд. 1962. - Изд. на Нар. музей Искра - Казанлък. - 32 580 тир. | ||
| 650 | 4 |
_aШипка, храм-паметник _9303237 |
|
| 650 | 4 |
_aШипченски боеве 1877 _9319346 |
|
| 650 | 4 |
_aБългарско опълчение - паметници _9307126 |
|
| 650 | 0 |
_aБългария - история _9244493 |
|
| 651 | 4 |
_aШипка _9179803 |
|
| 653 | _aШипка | ||
| 653 | _aХрам-паметник | ||
| 653 | _aРуско-турска освободителна война 1877-1878 | ||
| 653 | _aпътеводители | ||
| 700 | 1 |
_aВълков, Васил _eсъавт. _9382498 |
|
| 852 |
_aЦб 38018 _bЦб |
||
| 856 | 4 | _qpdf | |
| 856 | 4 | _qpdf | |
| 942 |
_cKNG _n0 _s1 |
||
| 944 |
_aCR _c20.10.2015 _lCRON CRON _k |
||
| 944 |
_aED _c20.10.2015 _lф / _kЛюдмила_Стоянова |
||